Caricamento...

Mary Shelley /

Dettagli Bibliografici
Autore principale: Nitchie, Elizabeth
Lingua:Undetermined
Pubblicazione: 1953
LEADER 00350nam a2200121Ia 4500
001 40556
008 170722s9999 xx 000 0 und d
100 |a Nitchie, Elizabeth 
245 |a Mary Shelley / 
260 |c 1953 
942 |c GEN 
999 |c 19310  |d 19310 
952 |0 1  |1 0  |4 0  |6 03L97G_J3  |7 0  |9 22831  |a LIB  |b LIB  |d 2017-08-12  |o 0-,3L97:g J3  |p 49210  |r 2017-08-12  |w 2017-08-12  |y GEN